Machiavel et l'Allemagne. (Record no. 5484)

MARC details
000 -LEADER
fixed length control field 00762cam a22002531 4500
001 - CONTROL NUMBER
control field af 48003251
003 - CONTROL NUMBER IDENTIFIER
control field DLC
005 - DATE AND TIME OF LATEST TRANSACTION
control field 20260227110901.0
008 - FIXED-LENGTH DATA ELEMENTS--GENERAL INFORMATION
fixed length control field 861008s1939 fr b 000 0 fre c
010 ## - LIBRARY OF CONGRESS CONTROL NUMBER
LC control number af 48003251
035 ## - SYSTEM CONTROL NUMBER
System control number (OCoLC)14364034
040 ## - CATALOGING SOURCE
Original cataloging agency Harvard Univ. Library
Transcribing agency TxLT
Modifying agency TxLT
-- DLC
042 ## - AUTHENTICATION CODE
Authentication code premarc
043 ## - GEOGRAPHIC AREA CODE
Geographic area code e-gx---
050 00 - LIBRARY OF CONGRESS CALL NUMBER
Classification number DD115
Item number .B44
100 1# - MAIN ENTRY--PERSONAL NAME
Personal name Berr, Henri,
Dates associated with a name 1863-1954.
245 10 - TITLE STATEMENT
Title Machiavel et l'Allemagne.
260 ## - PUBLICATION, DISTRIBUTION, ETC.
Place of publication, distribution, etc. Paris,
Name of publisher, distributor, etc. A. Michel
Date of publication, distribution, etc. [1939]
300 ## - PHYSICAL DESCRIPTION
Extent 30, [2] p.
Dimensions 18 cm.
440 #0 - SERIES STATEMENT/ADDED ENTRY--TITLE
Title Collection Descartes: Pour la vérité.
Name of part/section of a work Série erreurs et vérités
504 ## - BIBLIOGRAPHY, ETC. NOTE
Bibliography, etc. note "Note bibliographique": p. [31]
651 #0 - SUBJECT ADDED ENTRY--GEOGRAPHIC NAME
Geographic name Germany
General subdivision Politics and government.
600 10 - SUBJECT ADDED ENTRY--PERSONAL NAME
Personal name Machiavelli, Niccolò,
Dates associated with a name 1469-1527.

No items available.

Powered by Koha